000 00314nam a2200121Ia 4500
008 191201s2012 xx 000 0 und d
100 _aRAM Niwas
245 0 _aDronacharya Topic Wise Course Gate Solutions ECE
260 _aN. Delhi
_bDronacharya pub
_c2012
300 _a1027
650 _aM.Tech(CSE)
942 _2ddc
_cBK
999 _c27
_d27